Heat and mass transfer (Record no. 5861)

000 -LEADER
fixed length control field 00529nam a2200205 4500
001 - CONTROL NUMBER
control field 5861
003 - CONTROL NUMBER IDENTIFIER
control field BD-DhUET
008 - FIXED-LENGTH DATA ELEMENTS--GENERAL INFORMATION
fixed length control field 700409m19679999is a b 000 0 eng
040 ## - CATALOGING SOURCE
Original cataloging agency DLC
Transcribing agency DLC
Modifying agency BD-DhUET
082 00 - DEWEY DECIMAL CLASSIFICATION NUMBER
Classification number 621.011
Item number ECK/1959
100 ## - MAIN ENTRY--PERSONAL NAME
Personal name Eckert, R. R. G.
245 00 - TITLE STATEMENT
Title Heat and mass transfer
250 ## - EDITION STATEMENT
Edition statement 2nd ed.
260 ## - PUBLICATION, DISTRIBUTION, ETC. (IMPRINT)
Place of publication, distribution, etc. New York
Name of publisher, distributor, etc. McGraw-Hill
Date of publication, distribution, etc. 1959
300 ## - PHYSICAL DESCRIPTION
Extent xiv, 530p.
490 1# - SERIES STATEMENT
Series statement McGraw-Hill series in mechanical engineering
650 #0 - SUBJECT ADDED ENTRY--TOPICAL TERM
Topical term or geographic name as entry element Heat-Transmission
700 ## - ADDED ENTRY--PERSONAL NAME
Personal name Drake, Robert M.
942 ## - ADDED ENTRY ELEMENTS (KOHA)
Koha item type General Book
Holdings
Piece designation (barcode) Koha full call number Location (home branch) Koha normalized classification for sorting Source of classification or shelving scheme Not for loan Date acquired Withdrawn status Lost status Copy number Koha date last seen Koha item type Price effective from Koha date last borrowed Sublocation or collection (holding branch) Koha issues (times borrowed) Damaged status Shelving location
36668621.011/ECK/1959Central Library, BUET621_011000000000000_ECK_1959  2014-11-29   2014-11-29General Book2014-11-29 Central Library, BUET  Circulation section
14884621.011/ECK/1959Central Library, BUET621_000000000000000_011ECK1959  2014-12-03  22014-12-03General Book2014-12-03 Central Library, BUET  Circulation section
11302621.011/ECK/1959Central Library, BUET621_011000000000000_ECK_1959  2015-04-12  32015-04-12General Book2015-04-12 Central Library, BUET  Circulation section
31276621.011/ECK/1959Central Library, BUET621_011000000000000_ECK_1959  2015-04-12  42015-04-12General Book2015-04-12 Central Library, BUET  Circulation section
31274621.011/ECK/1959Central Library, BUET621_011000000000000_ECK_1959  2015-04-12  52015-04-12General Book2015-04-12 Central Library, BUET  Circulation section
31271621.011/ECK/1959Central Library, BUET621_011000000000000_ECK_1959  2015-04-12  62015-04-12General Book2015-04-12 Central Library, BUET  Circulation section
31272621.011/ECK/1959Central Library, BUET621_011000000000000_ECK_1959  2015-04-12  72015-04-12General Book2015-04-12 Central Library, BUET  Circulation section
31277621.011/ECK/1959Central Library, BUET621_011000000000000_ECK_1959  2015-04-13  82021-11-28General Book2015-04-132020-03-02Central Library, BUET1 Circulation section
11301621.011/ECK/1959Central Library, BUET621_011000000000000_ECK_1959  2015-04-13  92015-04-13General Book2015-04-13 Central Library, BUET  Circulation section
11303621.011/ECK/1959Central Library, BUET621_011000000000000_ECK_1959  2015-04-13  102015-04-13General Book2015-04-13 Central Library, BUET  Circulation section
24625621.011/ECK/1959Central Library, BUET621_011000000000000_ECK_1959  2015-04-13  112015-04-13General Book2015-04-13 Central Library, BUET  Circulation section
7652621.011/ECK/1959Central Library, BUET621_011000000000000_ECK_1959  2015-04-13  122015-04-13General Book2015-04-13 Central Library, BUET  Circulation section
24320621.011/ECK/1959Central Library, BUET621_011000000000000_ECK_1959  2015-04-13  132015-04-13General Book2015-04-13 Central Library, BUET  Circulation section
24976621.011/ECK/1959Central Library, BUET621_011000000000000_ECK_1959  2015-04-13  142015-04-13General Book2015-04-13 Central Library, BUET  Circulation section
31275621.011/ECK/1959Central Library, BUET621_011000000000000_ECK_1959  2015-04-13  152015-04-13General Book2015-04-13 Central Library, BUET  Circulation section
7655621.011/ECK/1959Central Library, BUET621_011000000000000_ECK_1959  2015-06-16  162015-06-16General Book2015-06-16 Central Library, BUET  Reading section